| 000 | 00623nam a2200217Ia 4500 | ||
|---|---|---|---|
| 005 | 20250923150031.0 | ||
| 008 | 008 250917s9999 xx 000 0 eng d | ||
| 037 | _aTextual | ||
| 040 |
_aDSWL _beng _cDSWL |
||
| 041 |
_aeng _2eng |
||
| 084 |
_aYX;5-H4.212, N84 _qDSWL |
||
| 100 |
_aPanikar, P.G.K. _9841490 |
||
| 245 | 0 |
_aHealth status of Kerala _c by P.G.K. Panikar |
|
| 260 |
_aTrivandrum _b Centre For dev. Studies _c1984 |
||
| 300 | _a159 p. | ||
| 365 |
_aINR _b100.00 |
||
| 700 |
_a C.R. Soman _9841491 |
||
| 925 | _g100.00 | ||
| 942 |
_cTEXL _hYX;5-H4.212, N84 |
||
| 999 |
_c1458777 _d1458777 |
||